[Event "FIDE World Rapid Team"]
[Site "London ENG"]
[Date "2025.06.11"]
[Round "4.2"]
[White "Yatskar, Martin"]
[Black "Cumming, Rhys"]
[Result "0-1"]
[WhiteTitle "CM"]
[BlackTitle "FM"]
[WhiteElo "2225"]
[BlackElo "2285"]
[WhiteTeam "Berlin Lasker Legends"]
[BlackTeam "Chess Rising Stars"]
[WhiteFideId "34109676"]
[BlackFideId "470163"]
[EventDate "2025.06.11"]
[EventType "team"]

1. d4 Nf6 2. c4 e6 3. Nc3 Bb4 4. Qc2 O-O 5. e4 d5 6. e5 Ne4 7. Bd3 c5 8. Nf3
cxd4 9. Nxd4 Nd7 10. Bf4 Qh4 11. g3 Qh5 12. O-O g5 13. cxd5 gxf4 14. dxe6 fxe6
15. Bxe4 Nxe5 16. gxf4 Ng4 17. f3 Ne3 18. Qf2 Nxf1 19. Rxf1 e5 20. fxe5 Bh3 21.
Re1 Kh8 22. Kh1 Bc5 23. Na4 Rg8 24. f4 Bxd4 25. Qxd4 Rad8 26. Qc3 Qg4 27. Qf3
Rd1 0-1

[Event "FIDE World Rapid Team"]
[Site "London ENG"]
[Date "2025.06.11"]
[Round "4.3"]
[White "Navrotescu, Andreea"]
[Black "Kunz, Andre"]
[Result "1-0"]
[WhiteTitle "WGM"]
[BlackTitle "CM"]
[WhiteElo "2333"]
[BlackElo "2128"]
[WhiteTeam "Chess Rising Stars"]
[BlackTeam "Berlin Lasker Legends"]
[WhiteFideId "675946"]
[BlackFideId "24623652"]
[EventDate "2025.06.11"]
[EventType "team"]

1. d4 d5 2. c4 dxc4 3. e4 Nf6 4. e5 Nd5 5. Bxc4 Nb6 6. Bb3 Nc6 7. Ne2 Bf5 8. O-O
e6 9. Nbc3 Qd7 10. Be3 O-O-O 11. a4 Bb4 12. Qc1 Na5 13. Ba2 h6 14. Rd1 Nd5 15.
Nxd5 exd5 16. Nc3 Qc6 17. Bd2 Bxc3 18. Bxc3 Nc4 19. b3 Nb6 20. a5 Nd7 21. Qd2 a6
22. Rac1 Qg6 23. Bb4 Nb8 24. f3 h5 25. Rc3 c6 26. Bd6 h4 27. b4 Rxd6 28. exd6
Qxd6 29. Rc5 Rh6 30. Rdc1 Nd7 31. Rxd5 Qf6 32. b5 axb5 33. Rxb5 Kb8 34. Rb2 Rg6
35. a6 b6 36. Qf4+ Ka8 37. Qc7 Qxd4+ 38. Kh1 Nc5 39. Rxb6 1-0

[Event "FIDE World Rapid Team"]
[Site "London ENG"]
[Date "2025.06.11"]
[Round "4.4"]
[White "Stein, Theodor"]
[Black "Tsaknakis, Zisis"]
[Result "0-1"]
[BlackTitle "FM"]
[WhiteElo "1877"]
[BlackElo "2333"]
[WhiteTeam "Berlin Lasker Legends"]
[BlackTeam "Chess Rising Stars"]
[WhiteFideId "34602801"]
[BlackFideId "4259963"]
[EventDate "2025.06.11"]
[EventType "team"]

1. Nf3 Nf6 2. g3 g6 3. b3 d6 4. d4 Bg7 5. Bb2 a5 6. Bg2 a4 7. O-O O-O 8. c4 Nbd7
9. Re1 Re8 10. e4 e5 11. dxe5 Ng4 12. Qc1 Ngxe5 13. Nxe5 Nxe5 14. Bxe5 Bxe5 15.
Nc3 c6 16. Rb1 axb3 17. axb3 Qa5 18. Ne2 Bg4 19. h3 Bxe2 20. Rxe2 Qb4 21. Qe3
Ra3 22. Kh2 Rea8 23. h4 Qc3 24. Qxc3 Bxc3 25. Rc2 Bb4 26. Bh3 Re8 27. Bg2 Rea8
28. Bh3 Kf8 29. Rbb2 Ra1 30. Bg2 Ke7 31. Re2 f6 32. f4 Re1 33. Bf3 Raa1 34. h5
gxh5 35. Ra2 Rxa2 36. Rxa2 Re3 37. Bxh5 Be1 38. Ra7 Bxg3+ 39. Kg2 Rxb3 40. f5
Be5 41. Be2 Kd7 42. Ra8 Re3 43. Bf3 Rc3 44. Be2 Kc7 45. Rf8 Rg3+ 46. Kf2 Rg7 47.
Ke3 Kb6 48. Ra8 Kc5 49. Ra5+ Kb4 50. Ra7 Kb3 51. Kf3 h5 52. Ra8 h4 53. Rh8 Rg3+
54. Kf2 Bd4+ 55. Ke1 h3 56. Rh4 Kc2 57. Bf1 Re3+ 58. Be2 Be5 59. Kf1 h2 60. Bh5
Bg3 61. Rh3 Re1+ 62. Kg2 Rg1+ 63. Kf3 h1=Q+ 64. Rxh1 Rxh1 65. Bf7 Be5 66. c5
dxc5 67. Bc4 Kc3 68. Be6 c4 69. Bc8 b5 70. Bd7 b4 71. Bxc6 b3 0-1

[Event "FIDE World Rapid Team"]
[Site "London ENG"]
[Date "2025.06.11"]
[Round "4.5"]
[White "Bird, Joel"]
[Black "Ho, Ngoc Hai-Dang"]
[Result "0-1"]
[WhiteElo "1987"]
[BlackElo "1932"]
[WhiteTeam "Chess Rising Stars"]
[BlackTeam "Berlin Lasker Legends"]
[WhiteFideId "429252"]
[BlackFideId "16206509"]
[EventDate "2025.06.11"]
[EventType "team"]

1. e4 e5 2. Nf3 Nc6 3. Bb5 a6 4. Ba4 Nf6 5. O-O Nxe4 6. d4 b5 7. Bb3 d5 8. dxe5
Be6 9. c3 Be7 10. Nbd2 Nc5 11. Bc2 O-O 12. Nb3 Bg4 13. Re1 Re8 14. h3 Bh5 15.
Nbd4 Nxd4 16. cxd4 Ne6 17. g4 Bg6 18. Be3 c5 19. dxc5 Bxc5 20. Bxg6 hxg6 21. Nd4
Bxd4 22. Bxd4 Qh4 23. Kh2 Rac8 24. Qd3 Rc4 25. Bb6 Rb8 26. Ba7 Rb7 27. Be3 d4
28. b3 Rc3 29. Qe4 Rbc7 30. Rac1 dxe3 31. Rxc3 Qxf2+ 32. Kh1 Qxe1+ 0-1

[Event "FIDE World Rapid Team"]
[Site "London ENG"]
[Date "2025.06.11"]
[Round "4.6"]
[White "Schuster, Rebekka"]
[Black "Mihailidou, Magdalini"]
[Result "1/2-1/2"]
[WhiteElo "1806"]
[BlackElo "1922"]
[WhiteTeam "Berlin Lasker Legends"]
[BlackTeam "Chess Rising Stars"]
[WhiteFideId "24674095"]
[BlackFideId "25801236"]
[EventDate "2025.06.11"]
[EventType "team"]

1. e4 e5 2. Nf3 Nc6 3. Bc4 Bc5 4. c3 Nf6 5. d3 a6 6. Bb3 d6 7. Bg5 h6 8. Bh4 g5
9. Bg3 Ba7 10. Nbd2 Ne7 11. Nf1 Ng6 12. Ne3 Nf4 13. Bxf4 exf4 14. Nf5 Bxf5 15.
exf5 O-O 16. O-O Qd7 17. Bc2 Qxf5 18. d4 Qg4 19. Qd3 Rfe8 20. h3 Qd7 21. Nh2 Kg7
22. Ng4 Rh8 23. Nxf6 Kxf6 24. Rfe1 Rae8 25. Rxe8 Qxe8 26. Qf5+ Kg7 27. Bb3 c5
28. Kf1 cxd4 29. Re1 Qb5+ 30. Qxb5 axb5 31. Re7 dxc3 32. Rxf7+ Kg6 33. bxc3 Rh7
34. Rxh7 Kxh7 35. Bd5 b6 36. Bc6 Kg6 37. Bxb5 Kf5 38. Ke2 d5 39. Kd3 Ke5 40. Be8
Bb8 41. Bb5 Bd6 42. Be8 Bc5 43. f3 Be3 44. Bb5 Kd6 45. Be8 Kc5 46. a4 Bg1 47.
Bb5 Bf2 48. Be8 Be3 49. Bb5 1/2-1/2

[Event "FIDE World Rapid Team"]
[Site "London ENG"]
[Date "2025.06.11"]
[Round "4.1"]
[White "Grahn, Vidar"]
[Black "Orozbaev, Eldiyar"]
[Result "1/2-1/2"]
[WhiteTitle "FM"]
[BlackTitle "IM"]
[WhiteElo "2239"]
[BlackElo "2367"]
[WhiteTeam "Uppsala SSS"]
[BlackTeam "Noval Group Kyrgyzstan"]
[WhiteFideId "1744780"]
[BlackFideId "13802240"]
[EventDate "2025.06.11"]
[EventType "team"]

1. d4 d5 2. c4 dxc4 3. Nf3 Nf6 4. e3 Bg4 5. Bxc4 e6 6. O-O Nc6 7. h3 Bh5 8. Nbd2
Bd6 9. Qb3 O-O 10. Qxb7 Nb4 11. Ne5 Rb8 12. Qxa7 Ra8 13. Qb7 Rb8 14. Qa7 Ra8 15.
Qb7 Rb8 1/2-1/2

[Event "FIDE World Rapid Team"]
[Site "London ENG"]
[Date "2025.06.11"]
[Round "4.2"]
[White "Degenbaev, Aziz"]
[Black "Strom-Engdahl, Alexander"]
[Result "1/2-1/2"]
[WhiteTitle "FM"]
[BlackTitle "FM"]
[WhiteElo "2286"]
[BlackElo "2320"]
[WhiteTeam "Noval Group Kyrgyzstan"]
[BlackTeam "Uppsala SSS"]
[WhiteFideId "13802640"]
[BlackFideId "1741586"]
[EventDate "2025.06.11"]
[EventType "team"]

1. e4 c5 2. Nf3 Nc6 3. Bb5 g6 4. O-O Bg7 5. c3 e5 6. d4 cxd4 7. cxd4 exd4 8. Bf4
a6 9. Bc4 d6 10. Nbd2 Nf6 11. Bd5 O-O 12. Nc4 Nxd5 13. exd5 Ne5 14. Qb3 b5 15.
Ncxe5 dxe5 16. Nxe5 Bb7 17. Nc6 Qd7 18. Rac1 Rac8 19. Qf3 Rfe8 20. Rfd1 h6 21.
h4 Kh7 22. Bg3 h5 23. b3 f5 24. Nb4 Qe7 25. Nc6 Qd7 26. Nb4 Qf7 27. a4 Red8 28.
axb5 axb5 29. Qd3 Bxd5 30. Qxb5 Bxb3 31. Re1 Bc4 32. Qb6 d3 33. Nc6 Re8 34. Rxe8
Rxe8 35. Rd1 Qd5 36. Nb4 Qd7 37. Qc5 Bb5 38. Bf4 Bf8 39. Qc3 Rc8 40. Qd2 Qd4 41.
Nxd3 Bxd3 42. Qxd3 Qxd3 43. Rxd3 Re8 44. Bg5 Kg8 45. Rd7 Bc5 46. Rd2 Re6 47. Kh2
Kf7 48. Rc2 Bd6+ 49. g3 Re4 50. Kg2 Ra4 51. Rc6 Rd4 52. Rb6 Be5 53. Rb7+ Kg8 54.
Re7 Bg7 55. Bf4 Rd5 56. Rb7 Rc5 57. Be3 Rd5 58. Kf3 Ra5 59. Ke2 Ra2+ 60. Kd3
Ra3+ 61. Kc4 Ra8 62. Rd7 Re8 63. Kd5 Re5+ 64. Kd6 Re8 65. Bg5 Re4 66. Be3 Re8
67. Rb7 Re4 68. Kd7 Re5 69. Bf4 Re4 70. Be3 Re5 71. Bf4 1/2-1/2

[Event "FIDE World Rapid Team"]
[Site "London ENG"]
[Date "2025.06.11"]
[Round "4.3"]
[White "Frank, Anton"]
[Black "Zhakshylykov, Erzhan"]
[Result "0-1"]
[WhiteTitle "CM"]
[BlackTitle "IM"]
[WhiteElo "2183"]
[BlackElo "2362"]
[WhiteTeam "Uppsala SSS"]
[BlackTeam "Noval Group Kyrgyzstan"]
[WhiteFideId "1752383"]
[BlackFideId "13804111"]
[EventDate "2025.06.11"]
[EventType "team"]

1. e4 e5 2. Nf3 Nc6 3. Bc4 Nf6 4. d3 Bc5 5. c3 d6 6. O-O h6 7. Re1 O-O 8. h3 a5
9. Bb5 Ba7 10. Ba4 Ne7 11. d4 Ng6 12. Bc2 b5 13. Be3 Bb7 14. Nbd2 a4 15. b3 axb3
16. axb3 Bb6 17. c4 exd4 18. Nxd4 b4 19. Nf5 Bxe3 20. Nxe3 Rxa1 21. Qxa1 Qa8 22.
Nd5 Bxd5 23. exd5 Ne5 24. f4 Ned7 25. Qd4 Re8 26. Ra1 Qb8 27. Kf2 Nc5 28. Re1
Rxe1 29. Kxe1 Qe8+ 30. Kf2 Qe7 31. g3 g6 32. Qe3 Qd7 33. f5 g5 34. Nf3 Kf8 35.
Nd4 Qe8 36. Qf3 Qe5 37. Qe3 Nfd7 38. Nc6 Qb2 39. Qe2 Ne5 40. Nxb4 Nxb3 41. Nd3
Qd4+ 42. Kg2 Qxc4 43. Nxe5 Qxe2+ 0-1

[Event "FIDE World Rapid Team"]
[Site "London ENG"]
[Date "2025.06.11"]
[Round "4.4"]
[White "Iunusov, Nuriddin"]
[Black "Nilsson, Oliver"]
[Result "1-0"]
[WhiteTitle "CM"]
[WhiteElo "1953"]
[BlackElo "2129"]
[WhiteTeam "Noval Group Kyrgyzstan"]
[BlackTeam "Uppsala SSS"]
[WhiteFideId "13803026"]
[BlackFideId "1730177"]
[EventDate "2025.06.11"]
[EventType "team"]

1. e4 c5 2. c3 d5 3. exd5 Nf6 4. d4 Nxd5 5. Be2 cxd4 6. cxd4 Nc6 7. Nf3 Bg4 8.
O-O e6 9. h3 Bh5 10. Nc3 Bd6 11. Bg5 Be7 12. Bxe7 Ndxe7 13. Qb3 Bxf3 14. Bxf3
Nxd4 15. Qxb7 Rb8 16. Qxa7 Nxf3+ 17. gxf3 Ng6 18. Qa4+ Kf8 19. Rfd1 Qf6 20. Qa3+
Kg8 21. Ne4 Qh4 22. Qd6 Qf4 23. a4 h5 24. a5 Ne5 25. Qxb8+ Kh7 26. Qb7 Nxf3+ 27.
Kf1 Nh2+ 28. Kg2 Rb8 29. Qxb8 Qxb8 30. a6 Qf4 31. a7 Qxe4+ 32. Kxh2 Qf4+ 33. Kg1
Qg5+ 34. Kf1 Qb5+ 35. Kg1 Qg5+ 36. Kh1 Qf5 37. a8=Q Qxh3+ 38. Kg1 1-0

[Event "FIDE World Rapid Team"]
[Site "London ENG"]
[Date "2025.06.11"]
[Round "4.5"]
[White "Ostensson, Julia"]
[Black "Lesbekova, Assel"]
[Result "1-0"]
[BlackTitle "WCM"]
[WhiteElo "1996"]
[BlackElo "1948"]
[WhiteTeam "Uppsala SSS"]
[BlackTeam "Noval Group Kyrgyzstan"]
[WhiteFideId "1747703"]
[BlackFideId "13713248"]
[EventDate "2025.06.11"]
[EventType "team"]

1. d4 d5 2. c4 e6 3. Nf3 a6 4. cxd5 exd5 5. Qc2 Nf6 6. Nc3 Bb4 7. Bg5 h6 8. Bh4
Be6 9. e3 Nbd7 10. Bd3 Rc8 11. a3 Bxc3+ 12. bxc3 c5 13. Qb2 Qa5 14. O-O b5 15.
a4 c4 16. Bc2 Ne4 17. Bxe4 dxe4 18. Nd2 b4 19. Nxe4 O-O 20. cxb4 Rb8 21. Rfb1
Qh5 22. Bg3 Rbc8 23. Nc3 Nb6 24. e4 f5 25. Bd6 Rf6 26. d5 Bxd5 27. Nxd5 Nxd5 28.
Be5 fxe4 29. Bxf6 Nxf6 30. Qd4 c3 31. Rc1 Qd5 32. Qxd5+ Nxd5 33. Rab1 Kf7 34. b5
a5 35. b6 c2 36. Rb5 Nb4 37. b7 Rb8 38. Kf1 Ke6 39. Ke2 Kd6 40. Rxa5 Nc6 41. Ra6
Kd5 42. Rb6 Nd4+ 43. Kd2 Kc5 44. Rb2 Kc6 45. Ke3 Nf5+ 46. Kxe4 Nd6+ 47. Kd3 Nxb7
48. Rcxc2+ Kd6 49. Kd4 Kd7 50. a5 Ra8 51. Rxb7+ Kd6 52. Rb6+ Kd7 53. a6 1-0

[Event "FIDE World Rapid Team"]
[Site "London ENG"]
[Date "2025.06.11"]
[Round "4.6"]
[White "Zhunusbekova, Aimonchok"]
[Black "Morell, Edvin"]
[Result "0-1"]
[WhiteElo "1890"]
[BlackElo "1944"]
[WhiteTeam "Noval Group Kyrgyzstan"]
[BlackTeam "Uppsala SSS"]
[WhiteFideId "13810251"]
[BlackFideId "1722050"]
[EventDate "2025.06.11"]
[EventType "team"]

1. e4 Nf6 2. e5 Nd5 3. c4 Nb6 4. d4 d6 5. Nf3 g6 6. Be2 Bg7 7. Bf4 O-O 8. O-O
Nc6 9. exd6 cxd6 10. Nc3 Bg4 11. c5 dxc5 12. dxc5 Qxd1 13. Nxd1 Na4 14. Be3 Rab8
15. h3 Bf5 16. Bf4 Rbc8 17. g4 Bc2 18. Be3 Nxb2 19. Nxb2 Bxb2 20. Rae1 Rfd8 21.
Bc4 Na5 22. Nd2 Ba3 23. Bb3 Bd3 24. Bg5 Bxf1 25. Rxe7 Nxb3 26. Nxb3 Ba6 0-1

[Event "FIDE World Rapid Team"]
[Site "London ENG"]
[Date "2025.06.11"]
[Round "4.1"]
[White "Vaidyanathan, Adithya"]
[Black "Balaji, Aaravamudhan"]
[Result "0-1"]
[BlackTitle "IM"]
[WhiteElo "2111"]
[BlackElo "2346"]
[WhiteTeam "UK Chess Challenge Masters"]
[BlackTeam "Wood Green Youth"]
[WhiteFideId "495450"]
[BlackFideId "436224"]
[EventDate "2025.06.11"]
[EventType "team"]

1. d4 Nf6 2. c4 g6 3. Nf3 Bg7 4. Nc3 O-O 5. e4 d6 6. h3 c6 7. Be3 Nbd7 8. Be2 e5
9. d5 c5 10. g4 a6 11. Qc2 Re8 12. Nd2 Nf8 13. g5 Nh5 14. Bxh5 gxh5 15. O-O-O b5
16. Rdg1 Ng6 17. Ne2 h4 18. f4 exf4 19. Nxf4 Nxf4 20. Bxf4 Rb8 21. b3 b4 22. Nf3
a5 23. Nxh4 a4 24. Nf5 Bxf5 25. exf5 Bd4 26. Rg2 axb3 27. Qxb3 Ra8 28. g6 Qh4
29. Qf3 Ra3 30. Qg4 Re1+ 31. Rxe1 Qxe1+ 32. Kc2 Rxa2+ 33. Kd3 Qb1+ 0-1

[Event "FIDE World Rapid Team"]
[Site "London ENG"]
[Date "2025.06.11"]
[Round "4.2"]
[White "Haydon, David L"]
[Black "Yu, Rock"]
[Result "1-0"]
[WhiteTitle "FM"]
[WhiteElo "2284"]
[BlackElo "2057"]
[WhiteTeam "Wood Green Youth"]
[BlackTeam "UK Chess Challenge Masters"]
[WhiteFideId "415405"]
[BlackFideId "489000"]
[EventDate "2025.06.11"]
[EventType "team"]

1. Nf3 c5 2. e3 Nf6 3. c4 d5 4. cxd5 Nxd5 5. Nc3 Nc6 6. Be2 e5 7. Qc2 Be6 8. d3
Be7 9. Bd2 f6 10. a3 Qd7 11. Rc1 Rc8 12. Ne4 b6 13. O-O O-O 14. Rfd1 Rfd8 15.
Qb1 Bf8 16. Be1 Nde7 17. b4 cxb4 18. axb4 Nd5 19. b5 Na5 20. d4 Rxc1 21. Rxc1
exd4 22. Nxd4 Bf7 23. Qa1 Nf4 24. Bf1 Ne6 25. Nxe6 Qxe6 26. Bxa5 Qxe4 27. Be1
Bc5 28. Qxa7 Ra8 29. Qc7 Bd5 30. Rd1 Qe6 31. Qf4 Bb3 32. Rb1 g5 33. Qf3 Bd5 34.
Qh5 Ra4 35. Rd1 Rh4 36. Qe2 Qe5 37. g3 Ra4 38. Qd3 Bf3 39. Bc3 Qe7 40. Rc1 Qe6
41. Bxf6 Ra3 42. Bc3 Be4 43. Qd8+ Bf8 44. Bb4 Ra8 45. Qd2 Qf5 46. Bc4+ Kh8 47.
Bc3+ Bg7 48. Bxg7+ Kxg7 49. Qd4+ Kh6 50. Qd6+ Kg7 51. Be2 Rf8 52. Rc7+ Kg8 53.
Bc4+ Kh8 54. Qd4+ Rf6 55. Rc8+ Kg7 56. Rg8+ Kh6 57. f4 gxf4 58. exf4 Bb7 59. Rg5
Qb1+ 60. Bf1 Rg6 61. Rxg6+ Qxg6 62. Qe5 Be4 63. Be2 Qf5 64. Qxf5 Bxf5 65. Kf2
Kg6 66. Ke3 Kf6 67. Kd4 Ke6 68. g4 Bb1 69. h4 h6 70. g5 hxg5 71. fxg5 Kf7 72.
Ke5 Kg6 73. Bf3 Bf5 74. Be4 Bxe4 75. Kxe4 Kh5 76. Kf5 Kxh4 77. g6 Kh5 78. g7 Kh6
79. g8=Q Kh5 80. Qg5# 1-0

[Event "FIDE World Rapid Team"]
[Site "London ENG"]
[Date "2025.06.11"]
[Round "4.3"]
[White "Zhu, Pengxiao"]
[Black "Waldhausen Gordon, Frederick"]
[Result "0-1"]
[BlackTitle "FM"]
[WhiteElo "1938"]
[BlackElo "2395"]
[WhiteTeam "UK Chess Challenge Masters"]
[BlackTeam "Wood Green Youth"]
[WhiteFideId "499307"]
[BlackFideId "2409143"]
[EventDate "2025.06.11"]
[EventType "team"]

1. d4 Nf6 2. c4 e6 3. Nc3 d5 4. cxd5 exd5 5. Bg5 c6 6. e3 Be7 7. Bd3 h6 8. Bh4
Nbd7 9. Qc2 Nh5 10. Bxe7 Qxe7 11. Nge2 O-O 12. O-O Nhf6 13. Ng3 Nb6 14. Rfe1 Be6
15. Rad1 Rac8 16. a3 c5 17. dxc5 Qxc5 18. Rc1 Nc4 19. Nce2 Qb6 20. Bxc4 dxc4 21.
Nd4 Rfe8 22. Qe2 g6 23. Rc2 Kg7 24. Rec1 Bd5 25. b3 cxb3 26. Rxc8 Rxc8 27. Nxb3
Rxc1+ 28. Nxc1 Qb1 29. Qd2 Qa1 30. f3 Qxa3 31. h4 Qd6 32. Nce2 Qe5 33. Nf4 Bc4
34. Kh2 h5 35. Nh3 a5 36. Ng5 a4 37. Qb4 b5 38. e4 Qf4 39. Qe7 Qxh4+ 40. Nh3
Ng4+ 41. fxg4 Qxe7 42. gxh5 Qe5 0-1

[Event "FIDE World Rapid Team"]
[Site "London ENG"]
[Date "2025.06.11"]
[Round "4.4"]
[White "O'Donnell, Conor"]
[Black "Longson, Sarah N"]
[Result "1-0"]
[WhiteTitle "FM"]
[BlackTitle "WFM"]
[WhiteElo "2301"]
[BlackElo "1941"]
[WhiteTeam "Wood Green Youth"]
[BlackTeam "UK Chess Challenge Masters"]
[WhiteFideId "2504243"]
[BlackFideId "2501465"]
[EventDate "2025.06.11"]
[EventType "team"]

1. d4 d5 2. c4 c6 3. Nf3 Nf6 4. e3 e6 5. Nbd2 Nbd7 6. Bd3 Bd6 7. e4 dxe4 8. Nxe4
Nxe4 9. Bxe4 Nf6 10. Bc2 Bb4+ 11. Bd2 Qa5 12. O-O Bxd2 13. Qxd2 Qxd2 14. Nxd2 b6
15. Ba4 Bb7 16. c5 O-O 17. Nf3 Rfd8 18. Rac1 Rac8 19. Rfd1 Nd5 20. Ne5 f6 21.
Nf3 Kf7 22. a3 Ne7 23. Bb3 Nd5 24. g3 Ba6 25. Nd2 Rd7 26. Ne4 Ke7 27. Ba4 b5 28.
Bc2 Rb8 29. b4 h6 30. Bb3 Ra8 31. h4 f5 32. Nd2 f4 33. Nf3 fxg3 34. fxg3 Rdd8
35. Ne5 Bb7 36. Rd2 a5 37. Rf1 Nf6 38. g4 axb4 39. axb4 Ra3 40. Rf3 Ke8 41. Bxe6
Rxf3 42. Nxf3 Bc8 43. Re2 Bxe6 44. Rxe6+ Kd7 45. Rd6+ Kc7 46. Rxd8 Kxd8 47. Ne5
Kc7 48. Kf2 Nd5 49. Nd3 Kd7 50. Kf3 Ke7 51. g5 hxg5 52. hxg5 Kd7 53. Ke4 Ke7 54.
Kf5 Kf8 55. Ke6 Ke8 56. g6 Ne7 57. Ne5 Kf8 58. Kd7 Nf5 59. Nxc6 Nh4 60. Ne5 Nf5
61. c6 1-0

[Event "FIDE World Rapid Team"]
[Site "London ENG"]
[Date "2025.06.11"]
[Round "4.5"]
[White "Sefton, Adam"]
[Black "Jaufarally, Nadia"]
[Result "1-0"]
[WhiteElo "2047"]
[BlackElo "1944"]
[WhiteTeam "UK Chess Challenge Masters"]
[BlackTeam "Wood Green Youth"]
[WhiteFideId "343400965"]
[BlackFideId "443727"]
[EventDate "2025.06.11"]
[EventType "team"]

1. e4 c5 2. Nf3 g6 3. g3 Bg7 4. Bg2 Nc6 5. O-O e6 6. Re1 Nge7 7. e5 O-O 8. c3 d5
9. exd6 Qxd6 10. a4 a6 11. Na3 Rb8 12. Nc4 Qd8 13. a5 Nf5 14. d3 Nd6 15. Bf4
Nxc4 16. dxc4 Qxd1 17. Rexd1 e5 18. Be3 Be6 19. Bxc5 Rfd8 20. Bd6 Rbc8 21. c5
Rd7 22. Nd2 Rcd8 23. b4 Na7 24. c4 Bf8 25. Ne4 Bg7 26. Rdc1 h6 27. Rab1 Nc8 28.
g4 f5 29. gxf5 gxf5 30. Ng3 Nxd6 31. cxd6 Rxd6 32. Bxb7 Rb8 33. c5 Rd4 34. c6
Bf8 35. Bxa6 Bd6 36. c7 Bxc7 37. Rxc7 Rdxb4 38. Rxb4 Rxb4 39. Bb7 f4 40. Nh5 Bh3
41. Nf6+ Kf8 42. f3 Rb2 43. Bd5 Rg2+ 44. Kh1 Rd2 45. Rf7# 1-0

[Event "FIDE World Rapid Team"]
[Site "London ENG"]
[Date "2025.06.11"]
[Round "4.6"]
[White "Ivanov, Elizabeth"]
[Black "Veselow, Zoe"]
[Result "0-1"]
[WhiteElo "1738"]
[BlackElo "1761"]
[WhiteTeam "Wood Green Youth"]
[BlackTeam "UK Chess Challenge Masters"]
[WhiteFideId "427284"]
[BlackFideId "497657"]
[EventDate "2025.06.11"]
[EventType "team"]

1. e4 c5 2. Nc3 e6 3. f4 a6 4. Nf3 Qc7 5. d3 d6 6. Be2 Nd7 7. O-O Ngf6 8. Qe1 b5
9. Bd2 Bb7 10. f5 exf5 11. exf5 O-O-O 12. Ng5 Ne5 13. Nce4 Be7 14. Ba5 Qd7 15.
Bxd8 Rxd8 16. Nxf6 gxf6 17. Ne4 Rg8 18. Qc3 Qc6 19. Bf3 Nxf3+ 20. Rxf3 d5 21.
Ng3 h5 22. Kf2 h4 23. Ne2 d4 24. Nxd4 cxd4 25. Qxc6+ Bxc6 26. Rf4 Rxg2+ 27. Ke1
Rxh2 28. Rc1 Bd6 29. Rf1 Bg3+ 30. Kd1 Bg2 0-1

[Event "FIDE World Rapid Team"]
[Site "London ENG"]
[Date "2025.06.11"]
[Round "4.1"]
[White "Bjerre, Jonas Buhl"]
[Black "Cancedda-Dupuis, Livio"]
[Result "1-0"]
[WhiteTitle "GM"]
[WhiteElo "2651"]
[BlackElo "2053"]
[WhiteTeam "¡Ållez-Y Initiative!"]
[BlackTeam "The London Legends"]
[WhiteFideId "1444948"]
[BlackFideId "499447"]
[EventDate "2025.06.11"]
[EventType "team"]

1. e4 c5 2. Nf3 Nc6 3. d4 cxd4 4. Nxd4 Nf6 5. Nc3 e5 6. Ndb5 d6 7. Nd5 Nxd5 8.
exd5 Ne7 9. c4 Nf5 10. Bd3 Be7 11. O-O a6 12. Nc3 O-O 13. Kh1 Bg5 14. f4 exf4
15. Bxf4 Bxf4 16. Rxf4 Qg5 17. Qd2 Re8 18. Qf2 Nh6 19. Rf1 f5 20. Qb6 Qd8 21.
Qd4 Bd7 22. h3 Rc8 23. R4f2 Re5 24. b4 Qc7 25. Ne2 b6 26. Nf4 Rce8 27. Rc2 R8e7
28. c5 bxc5 29. bxc5 dxc5 30. d6 Qb6 31. Nd5 Qxd6 32. Nxe7+ Qxe7 33. Qc4+ Nf7
34. Qxa6 g6 35. Bc4 Kg7 36. Rd2 Re1 37. Qa7 Rxf1+ 38. Bxf1 Qe1 39. Qxd7 Qxf1+
40. Kh2 Qf4+ 41. g3 Qe3 42. Qd3 Qe5 43. Re2 Qc7 44. Qc3+ Kh6 45. Qf6 Ng5 46. Qe7
Qc6 47. Qe3 Kh5 48. Rf2 Qa4 49. Qf4 Qxf4 50. gxf4 Ne4 51. Rc2 g5 52. a4 1-0

[Event "FIDE World Rapid Team"]
[Site "London ENG"]
[Date "2025.06.11"]
[Round "4.2"]
[White "Bryant, Harry"]
[Black "Jacobsen, Mikkel Manosri"]
[Result "0-1"]
[BlackTitle "FM"]
[WhiteElo "2062"]
[BlackElo "2223"]
[WhiteTeam "The London Legends"]
[BlackTeam "¡Ållez-Y Initiative!"]
[WhiteFideId "489158"]
[BlackFideId "1444514"]
[EventDate "2025.06.11"]
[EventType "team"]

1. e4 c5 2. Nf3 Nc6 3. Bb5 Nf6 4. Nc3 g6 5. O-O Bg7 6. e5 Ng4 7. Bxc6 dxc6 8.
Qe2 O-O 9. h3 Nh6 10. Ne4 b6 11. c3 Be6 12. d3 Bd5 13. Bf4 f6 14. c4 Bf7 15. g4
f5 16. gxf5 Nxf5 17. Neg5 h6 18. Nxf7 Rxf7 19. Qe4 Rc8 20. b4 cxb4 21. d4 e6 22.
Bg3 Rd7 23. Rfd1 b5 24. Rac1 bxc4 25. Rxc4 c5 26. Rdc1 Bf8 27. dxc5 Rd1+ 28.
Rxd1 Qxd1+ 29. Kg2 Rxc5 30. Rxb4 Rc1 31. Qe1 Qxe1 32. Nxe1 Bxb4 33. Nd3 Rb1 34.
Nf4 Kf7 35. Nd3 a5 36. Bf4 Ra1 37. a4 Rxa4 38. Nb2 Ra2 39. Nc4 a4 40. Bc1 Bc5
41. Kf3 Rc2 42. Bxh6 Rxc4 43. Bg7 a3 44. h4 Kxg7 0-1

[Event "FIDE World Rapid Team"]
[Site "London ENG"]
[Date "2025.06.11"]
[Round "4.3"]
[White "Muetsch, Annmarie"]
[Black "Dasgupta, Avyukt"]
[Result "1-0"]
[WhiteTitle "WIM"]
[WhiteElo "2271"]
[BlackElo "2125"]
[WhiteTeam "¡Ållez-Y Initiative!"]
[BlackTeam "The London Legends"]
[WhiteFideId "12971367"]
[BlackFideId "480630"]
[EventDate "2025.06.11"]
[EventType "team"]

1. e4 c5 2. Nf3 e6 3. d3 Nc6 4. Nbd2 Nf6 5. g3 d5 6. Bg2 Be7 7. O-O O-O 8. Re1
Rb8 9. e5 Nd7 10. Nf1 b5 11. h4 Re8 12. Bf4 c4 13. d4 b4 14. h5 h6 15. N1h2 a5
16. Ng4 Bf8 17. Qc1 Qe7 18. Qe3 a4 19. b3 Ba6 20. Ngh2 Rec8 21. Rec1 Na5 22. g4
cxb3 23. cxb3 Qe8 24. g5 hxg5 25. Nxg5 Rxc1+ 26. Rxc1 Rc8 27. Rxc8 Qxc8 28. bxa4
Qc3 29. Bf1 Qxe3 30. Bxe3 Bc4 31. Bxc4 dxc4 32. Ne4 Nb6 33. Nf3 Nxa4 34. Nfd2 b3
35. axb3 cxb3 36. Nb1 Bb4 37. Kf1 Nc4 38. Ke2 Kh7 39. Ng5+ Kg8 40. Ne4 Nxe3 41.
Kxe3 Kh7 42. Ng5+ Kh6 43. Nxf7+ Kxh5 44. Kd3 Nb2+ 45. Ke2 Kg4 46. Nd8 Kf5 47.
Nc6 Bf8 48. Nd2 Na4 49. Nxb3 Nc3+ 50. Kd3 Ne4 51. f3 Ng5 52. Ke3 Nh3 53. Nd2 g6
54. Ne4 Bh6+ 55. Ke2 Nf4+ 56. Kf2 g5 57. Ne7# 1-0